000 00587nam a2200217Ia 4500
003 OSt
005 20220926043712.0
006 a|||||r|||| 00| 0
007 ta
008 220923b |||||||| |||| 00| 0 eng d
037 _cGeneral Book
040 _aRTL
_cRTL
_beng
041 _2eng
_aeng
082 _aL91u3cN:N5, K0.2
100 _aMiller F J W
_9348126
245 0 _aGrowing up in Newcastle upon Tyne
_b A continuing s
260 _c1960
650 _aMedicine
_94387
942 _hL91u3cN:N5, K0.2
_cGB
_2CC
999 _c672960
_d672960